| 000 | 00580nam a22001697a 4500 | ||
|---|---|---|---|
| 005 | 20251108165011.0 | ||
| 008 | 250721s1980 xx 000 0 ara d | ||
| 082 | 1 | 4 | _aط/956.06/محم |
| 100 | 1 | _aالزهراني، محمد سفر | |
| 245 | 1 | 0 |
_aنظام الوزارة في الدولة العباسية 334-590هـ : _bالعهدان البويهي و السلجوقي / |
| 264 | 1 |
_aبيروت : _bمؤسسة الرسالة، _c1980. |
|
| 300 | _a248ص | ||
| 650 | 1 | 7 | _aالعباسيون 750-1258 |
| 650 | 1 | 7 | _aتاريخ العرب |
| 942 |
_2ddc _cBK |
||
| 999 |
_c19550 _d19550 |
||